Statistics for Cities in British Columbia

Click here to take the quiz!

General Stats

  • This quiz has been taken 128 times
    (124 since last reset)
  • The average score is 13 of 20

Answer Stats

Population Answer % Correct
603,502vancouver
100%
80,017victoria
95%
468,251surrey
85%
117,312kelowna
85%
71,974prince george
82%
85,678kamloops
79%
223,218burnaby
77%
133,497abbotsford
70%
83,810nanaimo
64%
190,473richmond
63%
48,196north vancouver
56%
77,936chilliwack
53%
38,150vernon
51%
32,975port moody
50%
126,840coquitlam
50%
55,958port coquitlam
50%
32,877penticton
47%
65,976new westminster
46%
76,052maple ridge
34%
31,186campbell river
17%

Score Distribution

Percentile by Number Answered

Percent of People with Each Score

Your Score History

You have not taken this quiz since the last reset